Garrison Guatemala /

Con una perspectiva critica sobre la política militar de la administración Reagan, este artículo de NACLA analiza, en dos partes, la situación de la crisis guatemalteca. Examina la economía y los procesos socio-políticos, desde la revolución democrática de 1944, y las raíces de los ímpetus revolucio...

Celý popis

Uloženo v:
Podrobná bibliografie
Hlavní autor: Black, George
Médium: Text
Témata:
Tagy: Přidat tag
Žádné tagy, Buďte první, kdo vytvoří štítek k tomuto záznamu!

MARC

LEADER 00000 a a2200000 04500
001 9837
003
040
100 |a Black, George  
245 |a Garrison Guatemala /  |c George Black 
520 |a Con una perspectiva critica sobre la política militar de la administración Reagan, este artículo de NACLA analiza, en dos partes, la situación de la crisis guatemalteca. Examina la economía y los procesos socio-políticos, desde la revolución democrática de 1944, y las raíces de los ímpetus revolucionarios actuales. Revisa, con objetividad, los errores y los fracasos del movimiento guerrillero de la década de los sesenta. El segundo artículo (aparecido en NACLA, volumen 17, número 2, 1983) analiza la Guatemala del momento, la administración de Ríos Montt, la política militar de R. Reagan, así como otros temas relacionados. ABB/mb  
650 |a PODER POLITICO  
650 |a GOBIERNO  
650 |a COMPORTAMIENTO POLITICO  
650 |a IDEOLOGIAS POLITICAS  
650 |a GRUPOS DE INTERESES  
773 |g volumen 17, número 1; páginas 1-35  
999 |c 38392  |d 38392